1895 1368 1243 1938 1363 1724 1641 1258 1756 1259 1804 1151 1476 1161 1020 1790 1462 1549 1611 1298 1054 1104 1346 1743 1199 1895 1302 1165 1361 1669 1639 1297 1617 1806 1333 1203 1125 1083 1671 1573 1827 1873 1513 1908 1365 1255 1035 1104 1399 1882 1013 1119 1393 1611 1027 1934 1651 1984 1845 1038 1468 1213 1847 1157 1226 1977 1124 1379 1299 1582 1173 1180 1322 1989 1055 1375 1320 1028 1906 1411 1224 1372 1485 1867 1741 1110 1964 1738 1455 1452 1753 1034 1416 1238 1247 1455 1038 1821 1579 BCNSPRNW ULIB Ver.6.0+V

เปลี่ยนเป็นภาษาไทย

Change to English
 แสดงรายละเอียดบรรณานุกรม
  กลับหน้าหลัก

Brief Record : Get Marc (ISO 2709) : E-mail record : QR code < ปิดหน้าต่าง
LEADER : 00000nam 2200000uu 4500
001    13399112280
003     ULIB
008    110802s2552||||th 000 0 tha d
020    9786117014055
040    cl
050  4 HD58^bจ153ม 2552
100 0  จรวยพร ธรณินทร์,^d2491-
245 10 12 ไม้เด็ดสูตรสำเร็จข้าราชการ /^cจรวยพร ธรณินทร์ เขียน
250    พิมพ์ครั้งที่ 1
260    กรุงเทพฯ :^bอินสปายร์,^c2552
300    364 หน้า :^bภาพประกอบ ;^c21 ซม.
600 07 จรวยพร ธรณินทร์,^d2491-
650  4 ผู้บริหาร
650  4 นักบริหาร
650  4 การบริหาร
945    ^p225^l0^i026472
995    ทศพร
999 ^a ทศพร
รายการนี้ยังไม่มีแท็ก
คุณยังไม่ได้ล็อกอิน คุณสามารถมีกิจกรรมร่วมกับเว็บไซต์ได้ แต่ต้องล็อกอินก่อน ::
  ล็อกอิน

รายการสื่อสารสนเทศ

ลำดับที่ ประเภท เลขเรียก/บาร์โค้ด สถานที่ สถานะ
1. การศึกษาทั่วไป
การศึกษาทั่วไป
HD58 จ153ม 2552 ฉ.1 
  Barcode: 026472
ห้องสมุดวิทยาเขตนครสวรรค์
►หนังสือทั่วไป:l:General Books
บนชั้น

รายการใกล้เคียง
    หัวเรื่อง [ผู้บริหาร]
    หัวเรื่อง [นักบริหาร]
    หัวเรื่อง [การบริหาร]

BibComment


ยังไม่เคยถูกคอมเมนท์

คอมเมนท์ทรัพยากรรายการนี้
  คอมเมนท์: 12 ไม้เด็ดสูตรสำเ..


 Copyright 2026. Bcnsprnw @Library